Coelomycetes. V 1. Nomenclature of generic names proposed for coelomycetes. (Record no. 36716)

MARC details
000 -LEADER
fixed length control field 00406nam a2200133Ia 4500
082 ## - DEWEY DECIMAL CLASSIFICATION NUMBER
Classification number 582.28
Item number SUT
100 ## - MAIN ENTRY--AUTHOR NAME
Personal name SUTTON, B C
245 #0 - TITLE STATEMENT
Title Coelomycetes. V 1. Nomenclature of generic names proposed for coelomycetes.
260 ## - PUBLICATION, DISTRIBUTION, ETC. (IMPRINT)
Place of publication Kew
Name of publisher Commonwealth Mycological Institute
Year of publication 1977
490 ## - SERIES STATEMENT
Series statement Mycological Papers; 141
650 ## - SUBJECT ADDED ENTRY--TOPICAL TERM
Topical Term Coelomycetes
942 ## - ADDED ENTRY ELEMENTS (KOHA)
Koha item type Books
Holdings
Withdrawn status Lost status Damaged status Not for loan Home library Current library Date acquired Full call number Accession Number Koha item type
        RRII Library RRII Library 16/12/2021 582.28 SUT 17117 Books